<?xml version="1.0" encoding="UTF-8"?>
<record
    xmlns:xsi="http://www.w3.org/2001/XMLSchema-instance"
    xsi:schemaLocation="http://www.loc.gov/MARC21/slim http://www.loc.gov/standards/marcxml/schema/MARC21slim.xsd"
    xmlns="http://www.loc.gov/MARC21/slim">

  <leader>03062cam a2200337 a 4500</leader>
  <controlfield tag="001">18720662</controlfield>
  <controlfield tag="003">OSt</controlfield>
  <controlfield tag="005">20170105101155.0</controlfield>
  <controlfield tag="008">150729s2012    enkb     e    000 0 eng d</controlfield>
  <datafield tag="010" ind1=" " ind2=" ">
    <subfield code="a">  2015325417</subfield>
  </datafield>
  <datafield tag="020" ind1=" " ind2=" ">
    <subfield code="a">9780195475784</subfield>
    <subfield code="q">(hbk.)</subfield>
  </datafield>
  <datafield tag="020" ind1=" " ind2=" ">
    <subfield code="a">019547578X</subfield>
    <subfield code="q">(hbk.)</subfield>
  </datafield>
  <datafield tag="035" ind1=" " ind2=" ">
    <subfield code="a">(OCoLC)ocn793895513</subfield>
  </datafield>
  <datafield tag="040" ind1=" " ind2=" ">
    <subfield code="a">NLE</subfield>
    <subfield code="b">eng</subfield>
    <subfield code="c">NLE</subfield>
    <subfield code="d">BTCTA</subfield>
    <subfield code="d">YDXCP</subfield>
    <subfield code="d">YNK</subfield>
    <subfield code="d">DGU</subfield>
    <subfield code="d">WCM</subfield>
    <subfield code="d">OCLCF</subfield>
    <subfield code="d">CHVBK</subfield>
    <subfield code="d">IBI</subfield>
    <subfield code="d">ZCU</subfield>
    <subfield code="d">OCLCQ</subfield>
    <subfield code="d">ORU</subfield>
    <subfield code="d">DLC</subfield>
  </datafield>
  <datafield tag="042" ind1=" " ind2=" ">
    <subfield code="a">lccopycat</subfield>
    <subfield code="a">lcode</subfield>
  </datafield>
  <datafield tag="043" ind1=" " ind2=" ">
    <subfield code="a">a-pk---</subfield>
  </datafield>
  <datafield tag="050" ind1="0" ind2="0">
    <subfield code="a">DS382</subfield>
    <subfield code="b">.O94 2012</subfield>
  </datafield>
  <datafield tag="082" ind1="0" ind2="4">
    <subfield code="a">954.91</subfield>
    <subfield code="2">23</subfield>
  </datafield>
  <datafield tag="245" ind1="0" ind2="4">
    <subfield code="a">The Oxford companion to Pakistani history /</subfield>
    <subfield code="c">edited by Ayesha Jalal.</subfield>
  </datafield>
  <datafield tag="246" ind1="3" ind2="0">
    <subfield code="a">Pakistani history</subfield>
  </datafield>
  <datafield tag="260" ind1=" " ind2=" ">
    <subfield code="a">Oxford ;</subfield>
    <subfield code="a">New York :</subfield>
    <subfield code="b">Oxford University Press,</subfield>
    <subfield code="c">2012.</subfield>
  </datafield>
  <datafield tag="300" ind1=" " ind2=" ">
    <subfield code="a">xiv, 558 pages :</subfield>
    <subfield code="b">color maps ;</subfield>
    <subfield code="c">25 cm</subfield>
  </datafield>
  <datafield tag="500" ind1=" " ind2=" ">
    <subfield code="a">Text in double columns.</subfield>
  </datafield>
  <datafield tag="520" ind1="8" ind2=" ">
    <subfield code="a">"Insofar as history is constantly in the process of being reconfigured in the light of new processes and challenges, any Companion to the history of Pakistan cannot but be an ongoing, if not obviously an open-ended enterprise. The historiography of Pakistan has been missing such a comprehensive survey of not only sixty-five years of the country's existence but also of the movement preceding its creation. Pakistan possesses a rich and varied history, considering that it was carved out of the Indian subcontinent, one of the world's oldest civilizations -- hence the prevailing geographical, religious, ethnic, linguistic, and cultural diversities and complexities. 'The Oxford Companion to Pakistani History' has attempted to provide the reader with information on as colourful a spectrum of subjects as possible. This is the first time that all facets of Pakistani history have been covered in one encyclopaedic volume. A wide range of topics have been discussed: from the pre-Partition colonial period to post-Partition movements (religious, political, cultural, etc.), peoples and places, culture, architecture, politics, military, economics, linguistics, archaeology, judiciary, art, theatre, education, foreign relations, government, media, philanthropy, civil society and several others. The Companion differs from other encyclopaedias in the sense that all entries have been written in an analytical, unbiased style by well-known experts in the related field of the topic, paying the keenest attention to factual details. A system of cross-referencing is available through insertion of asterisks within the text linking the entry to another headword that may appear while reading a particular entry. Maps of Pakistan and the Indian subcontinent, along with a Subject Index, are provided at the end of the volume. All these steps have been taken to render the Companion as user-friendly as possible"--Publisher's description, page [4] of dust jacket.</subfield>
  </datafield>
  <datafield tag="600" ind1=" " ind2=" ">
    <subfield code="a">AYESHA JALAL</subfield>
  </datafield>
  <datafield tag="651" ind1=" " ind2="0">
    <subfield code="a">Pakistan</subfield>
    <subfield code="x">History</subfield>
    <subfield code="v">Encyclopedias.</subfield>
  </datafield>
  <datafield tag="700" ind1="1" ind2=" ">
    <subfield code="a">Jalal, Ayesha,</subfield>
    <subfield code="e">compiler.</subfield>
  </datafield>
  <datafield tag="906" ind1=" " ind2=" ">
    <subfield code="a">7</subfield>
    <subfield code="b">cbc</subfield>
    <subfield code="c">copycat</subfield>
    <subfield code="d">3</subfield>
    <subfield code="e">ncip</subfield>
    <subfield code="f">20</subfield>
    <subfield code="g">y-gencatlg</subfield>
  </datafield>
  <datafield tag="942" ind1=" " ind2=" ">
    <subfield code="2">ddc</subfield>
    <subfield code="c">BK</subfield>
  </datafield>
  <datafield tag="999" ind1=" " ind2=" ">
    <subfield code="c">2557</subfield>
    <subfield code="d">2557</subfield>
  </datafield>
  <datafield tag="952" ind1=" " ind2=" ">
    <subfield code="0">0</subfield>
    <subfield code="1">0</subfield>
    <subfield code="2">ddc</subfield>
    <subfield code="4">0</subfield>
    <subfield code="7">0</subfield>
    <subfield code="8">REF</subfield>
    <subfield code="a">NLS</subfield>
    <subfield code="b">NLS</subfield>
    <subfield code="c">REF</subfield>
    <subfield code="d">2016-01-26</subfield>
    <subfield code="l">5</subfield>
    <subfield code="m">4</subfield>
    <subfield code="o">954.91 JAL</subfield>
    <subfield code="p">S3H-S-231</subfield>
    <subfield code="r">2024-11-19</subfield>
    <subfield code="s">2024-10-29</subfield>
    <subfield code="w">2016-01-26</subfield>
    <subfield code="y">BK</subfield>
  </datafield>
</record>
